| 000 | 01176nam a2200229 a 4500 | ||
|---|---|---|---|
| 008 | 080109s1981 ||||||||||||||||| || u | ||
| 020 | _a0316694002 | ||
| 050 | _aHD 31 Pat | ||
| 100 | _aPatz, Alan L., 1939- | ||
| 245 | 1 | 0 | _aStrategic decision analysis |
| 246 | _aa general management framework | ||
| 260 |
_aBoston _bLittle, Brown and Company _c1981 |
||
| 300 | _axviii, 699p. : ill. | ||
| 350 | _a0.00 | ||
| 500 | _aIncludes bibliographical references and index. | ||
| 650 | 0 | _aMANAGEMENT | |
| 650 | _aMANAGEMENT DECISION MAKING | ||
| 995 |
_aANNEX COLLECTION (Main Library) _D0.00 _e709503 _FCBU-MAIN LIBRARY (Kitwe) _H3 _I24.95 _jHD 31 Pat _M2 _UAVAILABLE _y003388 _ZAnnex Low-Usage Collection |
||
| 995 |
_aMAIN LIBRARY OPEN ACCESS _D0.00 _e709502 _FCBU-MAIN LIBRARY (Kitwe) _H2 _I24.95 _jHD 31 Pat _M3 _UAVAILABLE _y003389 _ZMain Library Open Access Collection |
||
| 995 |
_aANNEX COLLECTION (Main Library) _D0.00 _e709504 _FCBU-MAIN LIBRARY (Kitwe) _H4 _I24.95 _jHD 31 Pat _M1 _UAVAILABLE _y003387 _ZAnnex Low-Usage Collection |
||
| 995 |
_aANNEX COLLECTION (Main Library) _D0.00 _e709501 _FCBU-MAIN LIBRARY (Kitwe) _H1 _I24.95 _jHD 31 Pat _M4 _UAVAILABLE _y003390 _ZAnnex Low-Usage Collection |
||
| 999 |
_c76838 _d76838 |
||